000 00625cab a2200205 4500
001 WB3201-63
008 090401t1995 xxu||||| |||| 00| 0 eng d
035 _a(Sirsi) u12193
041 _aeng
245 _aFishing rights up for sale
260 _c1995
350 _a0
490 _aTimes
_v23 December 1995, 9(1)
520 _aAnalyses the fishing rights market including time share and leasing arrangements. Gives fishing beat values, particularly for the Tweed and for the Hampshire Test.
650 _aFISHING RIGHTS
650 _aSALMON FISHING
690 _aRURAL PRACTICE
942 _n0
948 _c04/03/1997
999 _c7803
_d7803